000 01280nam a2200253Ia 4500
003 Ost
005 20260507075241.0
008 260507s9999||||xx |||||||||||||| ||und||
040 _cfsecg
041 _aara
082 _a330
100 _aالوردات، خلف عبد الله
_eمؤلف
245 0 _aالمحاسبة الحكومية :
_bاعداد موازنة البرامج و الاداء /
_c خلف عبد الله الوردات
260 _aعمان:
_bمؤسسة الوراق,
_c2009
300 _a371 صفحة؛
_bإيضاحات ؛
_c24 سم
504 _aمراجع ص.370
520 _aالمحاسبة الحكومية ، الميزانية ، الموازنة الحكومية ، انواع الموازنات ، ماهية و مفهوم موازنة البرامج و الأداء ،الإتجاهات الحديثة في إعداد الموازنات و الموازنات الرأسمالية ، المدخل السلوكي في إعداد الموازنة ،.
653 _aالإدارة العامة
653 _aالمحاسبة الحكومية
653 _aالميزانية العامة
653 _aتدقيق الحسابات الحكومية
700 _aالدباس، سهيل بسم
_eمؤلف ثانوي
942 _cكتاب
999 _c43623
_d43623